Books of the Bible Old Testament - Statistics

General Stats
  • This quiz has been taken 125 times
  • The average score is 27 of 39
Answer Stats
Answer % Correct
Genesis
100%
Exodus
99%
Leviticus
93%
Numbers
93%
Deuteronomy
88%
Psalms
88%
1 Kings
87%
2 Kings
87%
Job
85%
Ruth
84%
1 Samuel
83%
Joshua
83%
2 Samuel
80%
Judges
79%
Proverbs
79%
1 Chronicles
75%
Esther
75%
2 Chronicles
73%
Daniel
73%
Song of Solomon
68%
Ezekiel
65%
Nehemiah
65%
Ezra
64%
Jeremiah
64%
Jonah
64%
Isaiah
63%
Lamentations
57%
Obadiah
57%
Ecclesiastes
56%
Malachi
56%
Amos
55%
Micah
55%
Joel
53%
Habakkuk
49%
Hosea
49%
Zechariah
48%
Zephaniah
48%
Haggai
47%
Nahum
41%
No matching quizzes found
Score Distribution
Percent of People with Each Score
Percentile by Number Answered
Your Score History
You have not taken this quiz